| 000 | 00535nam a2200181Ia 4500 | ||
|---|---|---|---|
| 003 | GCL | ||
| 008 | 140319s9999 xx 000 0 ara d | ||
| 040 |
_aGCL / _cGCL |
||
| 082 | 0 | 4 |
_a811.009 _bا ا |
| 100 | 1 | _aاحمد مطلوب | |
| 245 | 1 | 0 |
_aالرصافى اراؤه اللغوية والنقدية / _cاحمد مطلوب |
| 260 |
_a[S.N] : _bمعهد البحوث والدراسات العربية ، _c1970 |
||
| 300 | _a536 ص | ||
| 490 | _a | ||
| 650 | 0 | 4 | _aالادباء |
| 650 | 0 | 4 | _aالرصافى |
| 942 |
_2ddc _cBK |
||
| 999 |
_c54288 _d54288 |
||